000 00410nam a2200145Ia 4500
008 100204s9999 xx 000 0 und d
082 _b8711
100 _aकाकडे द. स.
245 _aमोहर
260 _b"बांदोडकर पब्लिशिंग हाऊस, गोवा"
_c1986
300 _a228
630 _aमोहर
730 _aमोहर
942 _cBOOK
999 _c453147
_d453144